| 000 | 01064nam a22002772 4500 | ||
|---|---|---|---|
| 001 | 0000019687 | ||
| 005 | 20151217152159.0 | ||
| 008 | 110120s xx 000 0 eng d | ||
| 020 | _a8131210338 : | ||
| 040 |
_aKABU _cKABU |
||
| 245 | 1 | 0 | _aNelson textbook of pediatrics. |
| 250 |
_a18th ed. / _bRobert M. Kliegman ... [et al.]. |
||
| 260 |
_aNew Delhi : _bElsevier, _c2007. |
||
| 300 | _a2 v. | ||
| 500 | _aWith separate index. | ||
| 650 | 0 |
_aPediatrics. _@0000178253 |
|
| 700 | 1 |
_aKliegman, Robert M. _@0000178254 |
|
| 852 | 1 | _9p7800 KES (per set) | |
| 852 | 1 | _9p7800 KES (per set) | |
| 852 | 1 | _9p7800 KES (per set) | |
| 852 | 1 | _9p7800 KES (per set) | |
| 852 | 1 | _9p7800 KES (per set) | |
| 852 | 1 | _9p7800 KES (per set) | |
| 908 | _a110120 | ||
| 950 | _@1 | ||
| 999 |
_c9043 _d9043 |
||